| 000 | 01023nam0a22002531 4500 | ||
|---|---|---|---|
| 001 | rc\2811942 | ||
| 005 | 20250806210743.0 | ||
| 035 | _a(NLR Aleph) 006937774 | ||
| 090 |
_a19208 _c19208 |
||
| 100 | _a20110915d1944 u y0rusy50 ca | ||
| 101 | 0 | _arus | |
| 102 | _aRU | ||
| 105 | _ay z ||||| | ||
| 200 | 1 |
_aИнструкция о порядке возвращения и обеспечения землей батраков, безземельных и малоземельных крестьянских хозяйств _eУтв. постановл. ЦК КП(б) Латвии и СНК Латв. ССР 27-го окт. 1944 г. |
|
| 210 |
_aРига _cНКЗ _d1944 _gВАПП 2-я тип. |
||
| 215 |
_a19 с., без обл. _d14 см. |
||
| 710 | 0 | 1 |
_aЛатвССР _bСовет Нар. Ком. |
| 801 | 0 |
_aRU _bNLR _gpsbo |
|
| 801 | 1 |
_aRU _bELAR _2rusmarc |
|
| 852 |
_aNLR _jЭк50 Г-2/285 |
||
| 942 | _cBOOK | ||
| 945 | _aРоссийская национальная библиотека | ||
| 980 | _aNB | ||
| 980 | _aBV | ||